000 00877nmm a2200289 a 4500
003 AR-BaBNM
005 20251128204228.0
008 011101s1993 ||||||||||||||000 | spa||
020 _a84-331-0589-2
040 _cAR-BaBNM
100 1 _aVallés Arándiga, Antonio
245 1 0 _aSeparación de palabras
_bejercicios de exactitud lectoescritora : educación primaria
260 _aMadrid
_bEditorial Escuela Española
_c1993
300 0 _a107 p.
_bil.
650 4 _aENSENANZA DE LA LECTURA
650 4 _aENSENANZA DE LA LENGUA MATERNA
650 4 _aMEJORA DE LA LECTURA
650 4 _aACTIVIDADES DE APRENDIZAJE
650 4 _aDIFICULTADES EN EL APRENDIZAJE
650 4 _aPROCESO DE APRENDIZAJE
650 4 _aESTIMULOS VISUALES
650 4 _aMETODOS DE APRENDIZAJE
653 0 _aLECTOESCRITURA
653 0 _aEDUCACION PRIMARIA
942 _cBK
998 _cCarmen
999 _c6636
_d6636